Similar Country Shapes - Statistics

General Stats
  • This quiz has been taken 713 times
  • The average score is 123 of 196
Answer Stats
Picture Answer % Correct
India
99%
Chile
92%
Norway
92%
Japan
91%
New Zealand
91%
Vietnam
91%
China
89%
Cyprus
88%
Canada
86%
France
85%
Indonesia
85%
Greece
84%
Philippines
83%
Germany
82%
Sri Lanka
82%
Turkey
82%
Denmark
80%
Switzerland
80%
Nepal
79%
Benin
78%
Ireland
78%
Mexico
78%
Argentina
77%
Australia
77%
Croatia
77%
Kosovo
77%
Portugal
77%
Spain
77%
Sweden
77%
United Kingdom
77%
Brazil
76%
Kazakhstan
76%
Taiwan
76%
Yemen
76%
Austria
75%
Cuba
75%
Italy
75%
Bangladesh
74%
Gambia
74%
Madagascar
74%
Panama
74%
Uzbekistan
73%
Mali
72%
Finland
71%
Laos
71%
Pakistan
71%
Somalia
71%
United States
71%
Bulgaria
70%
Colombia
70%
D.R. Congo
70%
Egypt
70%
Israel
70%
Malaysia
70%
Morocco
70%
Sudan
70%
Thailand
70%
Togo
70%
Vatican City
70%
Iceland
69%
Myanmar
69%
Papua New Guinea
69%
Peru
69%
Senegal
69%
South Africa
69%
Venezuela
69%
Namibia
68%
Netherlands
68%
Russia
68%
South Korea
68%
Tunisia
68%
Algeria
67%
Cameroon
67%
Ivory Coast
67%
Jamaica
67%
Mauritania
67%
Slovakia
67%
Eritrea
66%
Moldova
66%
Monaco
66%
Mozambique
66%
United Arab Emirates
66%
Albania
65%
Chad
65%
Ghana
65%
Haiti
65%
Libya
65%
Montenegro
65%
Paraguay
65%
Iraq
64%
Mongolia
64%
Oman
64%
Poland
64%
Saudi Arabia
64%
Ukraine
64%
Ethiopia
63%
Iran
63%
North Korea
63%
Costa Rica
62%
Jordan
62%
Kyrgyzstan
62%
Serbia
62%
Slovenia
62%
Afghanistan
61%
Angola
61%
Belgium
61%
Bosnia and Herzegovina
61%
Malta
61%
Nicaragua
61%
Niger
61%
Trinidad and Tobago
61%
Zambia
61%
Czech Republic
60%
East Timor
60%
Guinea
60%
Singapore
60%
Equatorial Guinea
59%
Hungary
59%
Latvia
59%
Qatar
59%
Belize
58%
Syria
58%
Turkmenistan
58%
Gabon
57%
Guatemala
57%
Guinea-Bissau
57%
Guyana
57%
Malawi
57%
Nauru
57%
Romania
57%
Bolivia
56%
Burkina Faso
56%
Liechtenstein
56%
Maldives
56%
North Macedonia
56%
Rep. of the Congo
56%
Tajikistan
56%
Azerbaijan
55%
Estonia
55%
F.S. Micronesia
55%
Kuwait
55%
Liberia
55%
Lithuania
55%
Saint Kitts and Nevis
55%
Bahamas
54%
Brunei
54%
Ecuador
54%
Luxembourg
54%
Georgia
53%
Nigeria
53%
St. Vincent and the Grenadines
53%
Tanzania
53%
Uganda
53%
Botswana
52%
Central African Republic
52%
Kenya
52%
Kiribati
52%
Zimbabwe
52%
Belarus
51%
El Salvador
51%
South Sudan
51%
Armenia
50%
Solomon Islands
50%
Antigua and Barbuda
49%
Marshall Islands
49%
Saint Lucia
49%
San Marino
49%
Vanuatu
49%
Lebanon
48%
Bahrain
47%
Burundi
47%
Djibouti
47%
Suriname
47%
Tuvalu
47%
Cape Verde
46%
Dominican Republic
46%
Honduras
46%
Samoa
46%
Fiji
45%
Cambodia
44%
Dominica
44%
Sierra Leone
44%
Tonga
44%
Comoros
43%
Lesotho
43%
São Tomé and Príncipe
43%
Barbados
42%
Palau
42%
Uruguay
42%
Andorra
40%
Bhutan
40%
Eswatini
40%
Seychelles
40%
Rwanda
39%
Grenada
38%
Mauritius
37%
No matching quizzes found
Score Distribution
Percent of People with Each Score
Percentile by Number Answered
Your Score History
You have not taken this quiz